[Event "IRI-ch blitz"]
[Site "Lorestan"]
[Date "2019.11.14"]
[Round "11"]
[White "Ahmadi Tari, Mostafa"]
[Black "Nikookar, Mahdi"]
[Result "0-1"]
[WhiteElo "1809"]
[BlackElo "1965"]
[PlyCount "136"]
[EventDate "2019.11.14"]
[EventType "swiss (blitz)"]
[EventRounds "11"]
[EventCountry "IRI"]
[SourceTitle "CBM 193 Extra"]
[Source "ChessBase"]
[SourceDate "2020.01.31"]
[SourceVersion "1"]
[SourceVersionDate "2020.01.31"]
[SourceQuality "1"]

1. d4 Nf6 2. Bf4 g6 3. e3 Bg7 4. Nf3 0-0 5. c3 d6 6. Be2 c5 7. 0-0 Be6 8. Nbd2 Nc6 9. Qc2 Rc8 10. Qa4 Qb6 11. Qa3 cxd4 12. exd4 Nh5 13. Be3 Qd8 14. Rfd1 h6 15. Ne4 f5 16. Ng3 Nxg3 17. hxg3 Bf7 18. Re1 e5 19. dxe5 dxe5 20. Rad1 Qc7 21. Qd6 Qxd6 22. Rxd6 Rfd8 23. Red1 Rxd6 24. Rxd6 Rc7 25. Nh4 Bf8 26. Rd1 Kh7 27. b3 Be6 28. Nf3 Bg7 29. c4 e4 30. Nd4 Nxd4 31. Bxd4 Bxd4 32. Rxd4 Kg7 33. Rd8 Rc8 34. Rd6 Kf6 35. Kf1 Rc7 36. Ke1 Rd7 37. Rxd7 Bxd7 38. Kd2 Ke5 39. Kc3 g5 40. b4 f4 41. gxf4+ gxf4 42. a4 Bxa4 43. b5 b6 44. Bh5 Kf5 45. Kd4 Bc2 46. Be2 Bb1 47. Bd1 Kg5 48. Kc3 h5 49. Be2 h4 50. Kb2 Bd3 51. Bxd3 exd3 52. f3 h3 53. gxh3 Kh4 54. Kc3 Kxh3 55. Kxd3 Kg2 56. Ke4 Kg3 57. Kd5 Kxf3 58. Kc6 Ke4 59. Kb7 f3 60. Kxa7 f2 61. Kxb6 f1Q 62. c5 Kd5 63. c6 Qc4 64. Ka7 Kd6 65. b6 Qa4+ 66. Kb8 Qxc6 67. b7 Qa4 68. Kc8 Qe8# 0-1